000 00321nam a2200145Ia 4500
008 240112s2017 xx 000 0 und d
022 _a900036
041 _aeng
082 _a614
100 _aQUADE
245 _aAMERICAN JOU.OF PUBLIC HEALTH
260 _bAPHA
_c2017
300 _a1-623
_cJAN-APR
440 _v107
999 _c1145108
_d1145108